SCANP - Scandinavian Perriodicals Index in Economics and Business

Guardado en:
Detalles Bibliográficos
Formato: Libro
Lenguaje:inglés
Publicado: Helsinki Helsingin Kauppakorkeakoulun Kuvalaitos 1991
Edición:1. ed.
Etiquetas: Agregar Etiqueta
Sin Etiquetas, Sea el primero en etiquetar este registro!

MARC

LEADER 00000nam a2200000 4500
001 c026985
005 20221214094810.8
041 0 |a eng 
044 |a FI 
245 1 0 |a SCANP - Scandinavian Perriodicals Index in Economics and Business 
250 |a 1. ed. 
264 1 |a Helsinki  |b Helsingin Kauppakorkeakoulun Kuvalaitos  |c 1991 
300 |a 178 s.